American Philatelic Dictionary and Colonial and Revolutionary Posts (Record no. 838)
[ view plain ]
| 000 -LEADER | |
|---|---|
| fixed length control field | 00303nam a22001217a 4500 |
| 003 - CONTROL NUMBER IDENTIFIER | |
| control field | OSt |
| 008 - FIXED-LENGTH DATA ELEMENTS--GENERAL INFORMATION | |
| fixed length control field | 150215b xxu||||| |||| 00| 0 eng d |
| 041 ## - LANGUAGE CODE | |
| Language code of text/sound track or separate title | eng |
| 100 1# - MAIN ENTRY--PERSONAL NAME | |
| Personal name | Konwiser, Harry M |
| 245 10 - TITLE STATEMENT | |
| Title | American Philatelic Dictionary and Colonial and Revolutionary Posts |
| 260 ## - PUBLICATION, DISTRIBUTION, ETC. (IMPRINT) | |
| Name of publisher, distributor, etc. | 1947 |
| 300 ## - PHYSICAL DESCRIPTION | |
| Extent | 0 pages |
| Withdrawn status | Lost status | Source of classification or shelving scheme | Damaged status | Not for loan | Permanent Location | Current Location | Date acquired | Total Checkouts | Full call number | Barcode | Date last seen | Price effective from | Koha item type | Shelving location | Copy number |
|---|---|---|---|---|---|---|---|---|---|---|---|---|---|---|---|
| Northern Philatelic Library | Northern Philatelic Library | 02/15/2015 | G3701 P856 K827 | 1001345 | 06/28/2015 | 06/28/2015 | Books | ||||||||
| Northern Philatelic Library | Northern Philatelic Library | 09/27/2021 | G3701 P856 K827 | 1005591 | 09/27/2021 | 09/27/2021 | Books | General Stacks | 2 |